[Event "ICS Rated blitz match"]
[Site "207.99.83.227"]
[Date "1999.03.21"]
[Round "?"]
[White "heatstroke"]
[Black "Hossa"]
[Result "1-0"]
[WhiteElo "2780"]
[BlackElo "2370"]
[PlyCount "53"]

1. d4 Nf6 2. c4 g6 3. Nc3 Bg7 4. e4 d6 5. Nf3 Bg4 6. Be2 O-O 7. Be3 Nc6 8. d5
Na5 9. b4 Bxf3 10. gxf3 Nxe4 11. Nxe4 Bxa1 12. Qxa1 Nxc4 13. Bxc4 f6 14. Bh6
Rf7 15. h4 a5 16. b5 Qd7 17. h5 Qf5 18. hxg6 Qxg6 19. Kd2 Kh8 20. Ng5 Rc8 21.
Qd4 Qg8 22. Nxf7+ Qxf7 23. Rg1 Rg8 24. Rxg8+ Qxg8 25. Qe4 Qe8 26. Qg4 Qg8 27.
Qd7 {Hossa resigns} 1-0

[Event "ICS Rated blitz match"]
[Site "207.99.83.227"]
[Date "1999.03.21"]
[Round "?"]
[White "Hossa"]
[Black "heatstroke"]
[Result "1-0"]
[WhiteElo "2367"]
[BlackElo "2783"]
[PlyCount "133"]

1. e4 c5 2. Bc4 Nc6 3. a3 Nf6 4. Nc3 e6 5. Nf3 Nxe4 6. Nxe4 d5 7. Bd3 c4 8.
Bxc4 dxe4 9. Ng1 Qd4 10. d3 exd3 11. Bxd3 Bc5 12. Qe2 O-O 13. Nf3 Qd5 14. O-O
Rd8 15. Ng5 h6 16. Bh7+ Kf8 17. Ne4 Nd4 18. Qd1 Be7 19. Re1 Qc6 20. c3 Nf5 21.
Qh5 Nh4 22. Bxh6 gxh6 23. Qxh6+ Ke8 24. Qg7 f5 25. Qg8+ Kd7 26. Qf7 Qxe4 27.
Rxe4 fxe4 28. Re1 Nf5 29. Bxf5 exf5 30. f3 a5 31. fxe4 f4 32. e5 Ra6 33. e6+
Kd6 34. Re4 Rc6 35. Rd4+ Ke5 36. Qxf4+ Kxe6 37. Qe4+ Kf6 38. Rxd8 Bxd8 39. Qh4+
Ke6 40. Qxd8 b6 41. h4 Ba6 42. g4 Rd6 43. Qe8+ Kf6 44. g5+ Kf5 45. Qh5 Kf4 46.
g6 Bc8 47. Qg5+ Ke4 48. g7 Be6 49. Qg2+ Kf5 50. Qf3+ Ke5 51. Qg3+ Kd5 52. g8=Q
Bxg8 53. Qxg8+ Ke5 54. Qg5+ Ke6 55. h5 Kf7 56. Kf2 Rf6+ 57. Ke3 Re6+ 58. Kf4
Rf6+ 59. Kg4 Rd6 60. Qf4+ Rf6 61. Qc7+ Kg8 62. Kg5 Rf7 63. Qxb6 a4 64. h6 Re7
65. Qg6+ Kf8 66. h7 Rxh7 67. Qxh7 {heatstroke resigns} 1-0

[Event "ICS Rated blitz match"]
[Site "207.99.83.227"]
[Date "1999.03.21"]
[Round "?"]
[White "JudgeTurpin"]
[Black "Hossa"]
[Result "1-0"]
[WhiteElo "2430"]
[BlackElo "2396"]
[Annotator "Crafty v16.6"]
[PlyCount "86"]

{annotating for player Hossa using a scoring margin of +0.10 pawns. search
time limit is 12.00} 1. Nf3 1... Nc6 2. d4 d5 3. c4 e6 4. cxd5 exd5 5. e3 Bb4+
6. Bd2 Bxd2+ 7. Nbxd2 Nge7 8. Be2 O-O 9. O-O Re8 10. Nb3 Bg4 ({9:-0.20} 10...
Bg4 11. Nh4 Bxe2 12. Qxe2 Qd6 13. f4 Qe6 14. Rac1 Qe4 15. Nc5 $10) ({9:-0.06} 
10... Qd6 11. Rc1 Nb4 12. a3 Nbc6 13. Ng5 h6 14. Nf3 14... Bf5 $10) 11. Nc5 Rb8
({9:-0.15} 11... Rb8 12. Ng5 Bf5 13. Bg4 h6 14. Bxf5 Nxf5 15. Nf3 b6 16. Nd3
$10) ({9:+0.04} 11... b6 12. Nb3 Nf5 13. Rc1 Qd6 14. Nh4 Nxh4 15. Bxg4 15...
Re4 $10) 12. Rc1 Qd6 ({8:-0.24} 12... Qd6 13. Ne5 Bxe2 14. Qxe2 b6 15. Ncd7
Rbd8 16. Qg4 Nxe5 17. Nxe5 $10) ({8:-0.11} 12... Ng6 13. h3 Bxf3 14. Bxf3 Nh4
15. Bg4 Qd6 16. Qd3 16... a5 $10) 13. a3 Qf6 ({8:-0.19} 13... Qf6 14. b4 a6 15.
Nd2 Bf5 16. f4 Qh4 17. Bh5 $10) ({8:-0.06} 13... b6 14. Nd3 Ng6 15. b4 Rbc8 16.
b5 Nce7 17. a4 $10) 14. h3 Bf5 15. Re1 Qg6 ({8:-0.24} 15... Qg6 16. Nh4 Qd6 17.
Nxf5 Nxf5 18. Qd3 Nce7 19. f4 19... Ng3 $10) ({8:+0.08} 15... b6 16. Nd3 Be4
17. b4 Bxf3 18. Bxf3 a6 19. Nf4 19... Qf5 $10) 16. Nh4 Qg5 17. Nxf5 Qxf5 18.
Bb5 a6 19. Ba4 Red8 20. Bc2 Qg5 21. b4 Rd6 22. Bd3 Rh6 23. Qg4 Qxg4 24. hxg4
Rh4 25. g5 Rg4 26. f4 Kh8 27. Be2 Rg3 28. Bf3 Nd8 29. Kf2 Nf5 30. Nd7 Ra8 31.
Bxd5 c6 32. e4 Nxd4 33. Kxg3 cxd5 34. exd5 Nf5+ 35. Kf2 g6 36. Re8+ Kg7 37. Nf6
Nh6 38. Rh1 Ng4+ 39. Nxg4 f6 40. gxf6+ Kf7 41. Re7+ Kg8 42. Rhxh7 Nf7 43. Rexf7
a5 1-0

[Event "ICS rated blitz match"]
[Site "207.99.83.227"]
[Date "1999.03.21"]
[Round "?"]
[White "Hossa"]
[Black "heatstroke"]
[Result "0-1"]
[WhiteElo "2382"]
[BlackElo "2765"]
[Annotator "Crafty v16.6"]
[PlyCount "114"]

{annotating for player Hossa using a scoring margin of +0.10 pawns. search
time limit is 12.00} 1. e4 1... e5 2. Nf3 Nc6 3. Bc4 ({8:-0.12} 3. Bc4 3... Bb4
4. O-O Nf6 5. d4 Nxe4 6. Nxe5 6... O-O $10) ({8:-0.01} 3. Bb5 3... Bc5 4. Nc3
Nge7 5. Na4 Bb4 6. Bxc6 Nxc6 7. O-O $10) 3... Nf6 4. Ng5 d5 5. exd5 Na5 6. Bb5+
c6 7. dxc6 bxc6 8. Qf3 h6 9. Ne4 Nd5 10. Be2 Nf4 11. d3 ({8:+1.11} 11. d3 11...
Bb4+ 12. Bd2 Rb8 13. c3 Nxe2 14. cxb4 Nd4 15. Qh5 $16) ({8:+1.37} 11. O-O 11...
Be7 12. d3 Nxe2+ 13. Qxe2 O-O 14. Bd2 Rb8 15. Bxa5 Qxa5 16. c3 $16) 11... Bb4+
12. c3 Nxe2 13. Qxe2 Be7 14. b4 Nb7 15. O-O O-O 16. Nbd2 a5 17. bxa5 Nxa5 18.
Nf3 Nb3 19. Rb1 Nxc1 20. Rfxc1 Bg4 21. Rc2 Qd5 22. h3 Bh5 23. Rb7 Rfe8 24. g4
Bg6 25. Rcb2 Rad8 26. Ne1 Ba3 27. R2b3 Be7 28. Qf3 Ra8 29. Rb2 Ba3 30. R2b6
Rec8 31. Qe2 Bf8 32. Rb2 Rd8 33. Qc2 Ra3 34. Kh1 Bxe4+ 35. dxe4 Qc4 36. Qe2
Qxc3 37. f3 Qc1 38. Rc2 Qf4 39. Rb1 c5 40. Qf2 Rd4 41. Rb8 c4 42. Rc8 Re3 43.
R2xc4 Rxe1+ 44. Qxe1 Qxf3+ 45. Kh2 Qf4+ 46. Kg1 Rd2 47. Qxd2 Qxd2 48. a4 Qe2
49. R8c7 Bb4 50. Kh1 Bd2 51. Rc8+ Kh7 52. Rc3 Qf1+ 53. Kh2 Bf4+ 54. Rg3 Qf2+
55. Kh1 Bxg3 56. Rh8+ Kxh8 57. g5 Qf1# 0-1

[Event "ICS Rated blitz match"]
[Site "207.99.83.227"]
[Date "1999.03.21"]
[Round "?"]
[White "razzle"]
[Black "Hossa"]
[Result "1-0"]
[WhiteElo "2642"]
[BlackElo "2379"]
[Annotator "Crafty v16.6"]
[PlyCount "115"]

{annotating for player Hossa using a scoring margin of +0.10 pawns. search
time limit is 12.00} 1. e4 1... c5 2. Nf3 Nc6 3. Bb5 a6 4. Bxc6 dxc6 5. O-O Bg4
6. h3 Bxf3 ({9:-0.89} 6... Bxf3 7. Qxf3 Nf6 8. Nc3 e6 9. e5 Nd5 10. Ne4 Qh4 11.
Qd3 $16) ({9:-0.45} 6... Bh5 7. Na3 e6 8. Nc4 Nf6 9. Qe2 Be7 10. e5 10... Nd5
$14) 7. Qxf3 e6 8. Nc3 Bd6 9. Qe3 Nh6 10. Rd1 e5 ({8:-0.81} 10... e5 11. Na4
Qa5 12. b3 O-O 13. Ba3 b6 14. Qg5 $16) ({8:-0.51} 10... Qf6 11. d3 Qe5 12. Qg5
Qh2+ 13. Kf1 Be5 14. Na4 O-O 15. Nxc5 $14) 11. Qg3 O-O 12. d3 Qf6 13. Bg5 Qg6
14. Qe3 Kh8 ({9:-0.82} 14... Kh8 15. Bxh6 Qxh6 16. Qxh6 gxh6 17. Kf1 Rad8 18.
Ke2 Rg8 19. g3 19... Kg7 $16) ({9:-0.69} 14... f5 15. Bxh6 Qxh6 16. Qxh6 gxh6
17. Kf1 f4 18. Ke2 Kf7 19. g3 19... Ke6 $14) 15. Na4 Ng8 ({9:-1.41} 15... Ng8
16. Nb6 Ra7 17. Nd7 Rfa8 18. c4 b5 19. Nb6 19... Re8 $16) ({9:-0.60} 15... f5
16. Bxh6 Qxh6 17. Qxh6 gxh6 18. Kf1 Kg7 19. Nc3 Rad8 20. Ke2 20... Kf6 $14) 16.
Nb6 Ra7 17. Nd7 Rfa8 18. f4 f6 19. fxe5 Bxe5 20. Nxe5 fxe5 21. Rf1 Qd6 22. Rf5
Ne7 23. Bxe7 Qxe7 24. Raf1 Kg8 25. Qg5 Qd7 26. Rxe5 Qd4+ 27. Kh2 b6 28. Qf5 h6
29. b3 Qb2 30. Rf2 Rd8 31. a4 Qa1 32. g3 Rc7 33. Qe6+ Kh8 34. Ref5 Rcc8 35. Qe7
Qe1 36. Qb7 Rb8 37. Qxc6 Qa1 38. Rf7 Qe5 39. Qc7 Qd4 40. a5 bxa5 41. Qxa5 Ra8
42. Qc7 Rac8 43. Qe7 Re8 44. Qb7 Ra8 45. Qc6 Rec8 46. Qg6 Rg8 47. R2f6 Qe3 48.
Qf5 Qc1 49. Qf2 Rac8 50. Rxa6 Qb2 51. Re6 Qc1 52. Re5 Qa3 53. Rff5 g6 54. Rf7
Qa6 55. Ree7 Rg7 56. Rxg7 g5 57. Rh7+ Kg8 58. Qf7# 1-0

[Event "ICS Rated blitz match"]
[Site "207.99.83.227"]
[Date "1999.03.21"]
[Round "?"]
[White "Gromit211"]
[Black "Hossa"]
[Result "0-1"]
[WhiteElo "2596"]
[BlackElo "2373"]
[PlyCount "160"]

1. c4 e5 2. Nc3 Nf6 3. Nf3 Nc6 4. a3 d6 5. d4 Nxd4 6. Nxd4 exd4 7. Qxd4 Be7 8.
e4 Ng4 9. Nd5 Bf6 10. Nxf6+ Qxf6 11. Qxf6 Nxf6 12. Bd3 O-O 13. Bg5 Nxe4 14.
Bxe4 Re8 15. f3 f5 16. O-O fxe4 17. Rae1 Bf5 18. Re3 h6 19. fxe4 Bxe4 20. Rfe1
Bc6 21. Be7 a5 22. b3 b5 23. cxb5 Bxb5 24. Re4 a4 25. R4e3 axb3 26. Rxb3 Bc4
27. Rb7 Rac8 28. Rc1 Rxe7 29. Rxc4 Kf7 30. Rc6 Ke6 31. Ra7 Kd5 32. Rc3 Rf8 33.
Rc1 Rff7 34. Rd1+ Kc6 35. Ra6+ Kb5 36. Ra8 Re2 37. Rb1+ Kc6 38. Rc1+ Kb7 39.
Ra4 Rff2 40. Rb4+ Kc8 41. Rg4 g5 42. h4 gxh4 43. Rxh4 Rxg2+ 44. Kh1 Rg6 45. Rc6
Rf6 46. Kg1 Kb7 47. Rc3 Rb2 48. Re4 c5 49. Rd3 Kc6 50. a4 d5 51. Re1 Ra2 52.
Red1 Rd6 53. a5 Rxa5 54. Rc3 Ra2 55. Rh3 Rc2 56. Kh1 d4 57. Kg1 c4 58. Re1 Rd2
59. Ra1 c3 60. Ra6+ Kb7 61. Rxd6 c2 62. Rd7+ Kc8 63. Rf7 c1=Q+ 64. Rf1 Qc5 65.
Rf2 d3 66. Rhf3 Qxf2+ 67. Rxf2 Rxf2 68. Kxf2 h5 69. Ke1 Kd7 70. Kd2 h4 71. Ke3
Kd6 72. Kxd3 h3 73. Ke2 h2 74. Ke3 h1=Q 75. Kd4 Qe1 76. Kd3 Kc5 77. Kc2 Kc4 78.
Kb2 Qd1 79. Ka2 Kc3 80. Ka3 80... Qa1# {Gromit211 checkmated} 0-1

[Event "ICS Rated blitz match"]
[Site "207.99.83.227"]
[Date "1999.03.21"]
[Round "?"]
[White "Hossa"]
[Black "pto3"]
[Result "1-0"]
[WhiteElo "2398"]
[BlackElo "2135"]
[PlyCount "101"]

1. e4 e5 2. Nf3 Nc6 3. Bc4 Bc5 4. c3 Nf6 5. d4 exd4 6. e5 d5 7. Bb5 Ne4 8. cxd4
Bb4+ 9. Nbd2 Bg4 10. Bxc6+ bxc6 11. Qa4 Bxd2+ 12. Nxd2 Qd7 13. O-O Nxd2 14.
Bxd2 Be2 15. Rfe1 Bb5 16. Qb4 Qe7 17. Qxe7+ Kxe7 18. Rac1 Kd7 19. Rc5 a5 20. b3
a4 21. b4 h5 22. Bc3 Rh6 23. Bd2 Rg6 24. f4 Rh6 25. f5 Rhh8 26. e6+ fxe6 27.
fxe6+ Ke8 28. a3 Rd8 29. h4 Rb8 30. Bg5 Rf8 31. Kh2 Rf5 32. Kg3 g6 33. Kh3 Kf8
34. Kh2 Ke8 35. Kg3 Kf8 36. Bd8 Rc8 37. Re3 Ke8 38. Bg5 Kf8 39. Kh3 Ke8 40. g4
hxg4+ 41. Kxg4 Kf8 42. e7+ Ke8 43. h5 Kd7 44. hxg6 Rf1 45. Kg3 Rg1+ 46. Kf4 Rg8
47. Kf5 Ke8 48. Rcc3 Rf1+ 49. Rf3 Re1 50. Rce3 Bf1 51. Rxe1 {pto3 resigns} 1-0

[Event "ICS rated blitz match"]
[Site "207.99.83.227"]
[Date "1999.03.21"]
[Round "?"]
[White "Hossa"]
[Black "Good-Boy"]
[Result "0-1"]
[WhiteElo "2403"]
[BlackElo "2820"]
[PlyCount "42"]

1. e4 c5 2. Bc4 Nf6 3. d3 e6 4. e5 d5 5. exf6 dxc4 6. fxg7 Bxg7 7. Qg4 Qd4 8.
Qxd4 cxd4 9. dxc4 e5 10. Ne2 Be6 11. Na3 Nc6 12. Bg5 Bf8 13. Nb5 Rc8 14. c5 Rg8
15. Bf6 Rxg2 16. a3 Bxc5 17. Ng3 Bd5 18. b4 Bf8 19. Nh5 Bf3 20. Ng3 Rxg3 21.
fxg3 21... Bxh1 {Hossa resigns} 0-1

[Event "ICS Rated blitz match"]
[Site "207.99.83.227"]
[Date "1999.03.21"]
[Round "?"]
[White "bookbuilder"]
[Black "Hossa"]
[Result "1-0"]
[WhiteElo "2606"]
[BlackElo "2400"]
[Annotator "Crafty v16.6"]
[PlyCount "100"]

{annotating for player Hossa using a scoring margin of +0.10 pawns. search
time limit is 12.00} 1. e4 1... e5 2. Nf3 Nc6 3. Bb5 a6 4. Ba4 Nf6 5. O-O Be7
6. Re1 b5 7. Bb3 O-O 8. a4 Bb7 9. axb5 axb5 10. Rxa8 Bxa8 11. d3 Ng4 12. Nc3 b4
13. Nd5 Bc5 14. Rf1 Ne7 15. Ng5 Bxd5 16. exd5 Nf6 17. Ne4 Nxe4 18. dxe4 d6 19.
Ba4 f5 20. exf5 Rxf5 21. Qe2 Kh8 22. Bb3 Qg8 23. Be3 Bxe3 24. fxe3 Qa8 25. Qb5
Rxf1+ 26. Kxf1 Qa7 27. Ke2 Qc5 28. Qxc5 dxc5 29. Kd3 Nf5 30. Kc4 Nxe3+ 31. Kxc5
Ng4 32. Kc6 Nxh2 33. Kxc7 Ng4 34. d6 Nf6 35. d7 Nxd7 36. Kxd7 e4 37. Bc4 e3 38.
Kd6 h5 39. Kc5 Kh7 40. Kxb4 Kg6 41. Kc5 h4 42. Kd6 Kg5 43. b4 Kf4 44. b5 Kg3
45. b6 Kxg2 46. b7 Kg3 47. b8=Q g5 48. Ke6+ Kg4 49. Be2+ Kh3 50. Bf1+ Kg4 1-0

[Event "ICS Rated bullet match"]
[Site "207.99.83.227"]
[Date "1999.03.21"]
[Round "?"]
[White "heatstroke"]
[Black "Hossa"]
[Result "1-0"]
[WhiteElo "2736"]
[BlackElo "2400"]
[Annotator "Crafty v16.6"]
[PlyCount "123"]

{annotating for player Hossa using a scoring margin of +0.10 pawns. search
time limit is 12.00} 1. e4 1... e5 2. Nc3 Nf6 3. Bc4 Nc6 4. d3 Bb4 5. Nge2 Na5
6. O-O Nxc4 7. dxc4 O-O 8. Bg5 Be7 9. Qd3 d6 10. Rad1 Be6 11. Bxf6 Bxf6 12.
Rfe1 Bg5 13. Ng3 Rc8 ({9:-0.13} 13... Rc8 14. Nf5 g6 15. Ne3 Qd7 16. Ncd5 c6
17. Nc3 17... Rcd8 $10) ({9:+0.05} 13... Bg4 14. f3 Be6 15. Nf5 Bxf5 16. exf5
Bf4 17. Nd5 Qh4 18. Nxf4 18... Qxf4 $10) 14. Nf5 g6 15. Ne3 Qe8 16. b4 Qd7 17.
c5 Qc6 18. cxd6 cxd6 19. Nb5 Bxe3 20. Rxe3 Bc4 21. Nxa7 Qd7 22. Qd2 Rcd8 23.
Rh3 Be6 24. Rh4 f6 25. Qh6 Rf7 26. Qe3 Bxa2 27. b5 Qc7 28. c3 Bb3 29. b6 Qc4
30. Rd2 Qa6 31. Re2 Bc4 32. Re1 d5 33. exd5 Bxd5 34. Rb4 Bxg2 35. Kxg2 Rfd7 36.
Nb5 Qa5 37. Kg1 Rd1 38. Rxd1 Rxd1+ 39. Kg2 Qa1 40. Qe2 Rg1+ 41. Kf3 Kh8 42. Qd2
Qd1+ 43. Qxd1 Rxd1 44. Rc4 Rb1 45. Rc8+ Kg7 46. Rc7+ Kh6 47. c4 Rb3+ 48. Ke4
Rb2 49. Rxb7 Rxf2 50. Rf7 Rxh2 51. b7 f5+ 52. Kf3 e4+ 53. Kg3 Rb2 54. b8=Q Rb3+
55. Kf4 Rf3+ 56. Ke5 Rd3 57. Qh8 Kg5 58. Rxh7 Kg4 59. Rh2 Rd5+ 60. cxd5 e3 61.
Qh4+ Kf3 62. Qh3# 1-0

[Event "ICS Rated blitz match"]
[Site "207.99.83.227"]
[Date "1999.03.21"]
[Round "?"]
[White "Hossa"]
[Black "rajah"]
[Result "0-1"]
[WhiteElo "2390"]
[BlackElo "2559"]
[Annotator "Crafty v16.6"]
[PlyCount "142"]

{annotating for player Hossa using a scoring margin of +0.10 pawns. search
time limit is 12.00} 1. e4 1... d5 2. exd5 Nf6 3. Bb5+ ({9:+0.51} 3. Bb5+ 3...
Bd7 4. Bc4 b5 5. Bb3 Na6 6. Nf3 Nc5 7. Nc3 Nxb3 8. axb3 $14) ({9:+0.63} 3. c4
3... c6 4. dxc6 Nxc6 5. Nf3 Nd4 6. Nxd4 Qxd4 7. Be2 Be6 8. Na3 $14) 3... Bd7 4.
Bc4 Bg4 5. f3 Bf5 6. g4 Bc8 7. Nc3 c6 8. dxc6 Nxc6 9. Nge2 ({8:+0.64} 9. Nge2
9... e6 10. g5 Ne5 11. d3 Nfd7 12. Nd4 Nxc4 13. dxc4 $14) ({8:+0.91} 9. d3 9...
e6 10. g5 Nd5 11. Ne4 Nb6 12. Bb5 12... Qd4 $16) 9... Ne5 10. Bb5+ Bd7 11.
Bxd7+ ({8:+0.58} 11. Bxd7+ 11... Qxd7 12. Ng3 Qe6 13. O-O Rd8 14. a4 Qb6+ 15.
Rf2 Qd4 16. Nf5 $14) ({8:+0.69} 11. Nd4 11... a6 12. Bxd7+ Qxd7 13. Nf5 Qe6 14.
O-O g6 15. Nd4 15... Qd6 $14) 11... Qxd7 12. O-O Qc6 13. Ng3 O-O-O 14. Qe2 Ng6
15. Qe3 e6 16. Nce4 Kb8 17. Qc3 Qb6+ 18. Kh1 Nxe4 19. fxe4 Rc8 20. Qb3 Qxb3 21.
cxb3 f6 22. d4 Rc2 23. Kg1 Bd6 24. Rf2 Rhc8 25. Ne2 e5 26. Be3 Rxb2 27. d5 Nf4
28. Nxf4 Rxf2 29. Bxf2 exf4 30. Bd4 Rc2 31. g5 fxg5 32. Bxg7 Re2 33. h3 Rxe4
34. Bh6 Re3 35. Kh2 Rd3 36. Bxg5 Rxd5 37. h4 f3+ 38. Kh3 h5 39. Rf1 Rd3 40. Rc1
a5 41. Rf1 b5 42. Rc1 b4 43. Rc6 Kb7 44. Rc1 Be5 45. Rh1 Rc3 46. Bd8 Ka6 47.
Be7 Rc2 48. a3 Rg2 49. axb4 Rg3+ 50. Kh2 f2 51. Rf1 Rg1+ 52. Kh3 Rxf1 53. Kg2
Rb1 54. Kxf2 axb4 55. Bxb4 Bf6 56. Bc5 Bxh4+ 57. Kg2 Rxb3 58. Bd4 Bg5 59. Be5
h4 60. Kh2 Kb5 61. Bd6 h3 62. Be5 Rf3 63. Ba1 Bf4+ 64. Kg1 Rg3+ 65. Kf1 h2 66.
Bd4 h1=Q+ 67. Ke2 Qe4+ 68. Kd1 Qd3+ 69. Ke1 Qd2+ 70. Kf1 Rf3+ 71. Bf2 Qxf2# 0-1

[Event "ICS Rated blitz match"]
[Site "207.99.83.227"]
[Date "1999.03.21"]
[Round "?"]
[White "Hossa"]
[Black "heatstroke"]
[Result "1/2-1/2"]
[WhiteElo "2381"]
[BlackElo "2798"]
[PlyCount "209"]

1. e4 c5 2. Bc4 e6 3. Nc3 Nc6 4. Nf3 a6 5. d4 b5 6. d5 Nce7 7. Be2 b4 8. Na4 d6
9. dxe6 fxe6 10. a3 bxa3 11. Rxa3 Nc6 12. O-O Be7 13. Be3 Nh6 14. Bxh6 gxh6 15.
e5 d5 16. Qd2 c4 17. Raa1 Bf8 18. Qe3 Ne7 19. Nd4 Qc7 20. Bg4 Bg7 21. Nxe6 Bxe6
22. Bxe6 Bxe5 23. f4 Bf6 24. Nb6 Qa7 25. Bxd5 Rb8 26. Bc6+ Kf7 27. Bb5 Qxb6 28.
Qxb6 Rxb6 29. Bxc4+ Kg7 30. Ra2 Rxb2 31. Rxb2 Bxb2 32. Bxa6 Bd4+ 33. Kh1 Rb8
34. g3 Nf5 35. Bd3 Ne3 36. Re1 Rb2 37. h4 h5 38. Re2 h6 39. Kh2 Kf6 40. Rd2 Rb1
41. Ba6 Ng4+ 42. Kg2 Rg1+ 43. Kf3 Bc3 44. Rg2 Rxg2 45. Kxg2 Ne3+ 46. Kh3 Nxc2
47. Be2 Ne3 48. Bxh5 Be1 49. g4 Nd5 50. g5+ Kf5 51. Bg4+ Ke4 52. gxh6 Nxf4+ 53.
Kh2 Bxh4 54. h7 Ng6 55. Bd1 Kf4 56. Bh5 Nh8 57. Kg2 Bf6 58. Kf2 Bc3 59. Ke2 Bd4
60. Kd3 Ke5 61. Bf3 Ng6 62. Kc4 Bf2 63. Be2 Kf4 64. Bd3 Nh8 65. Kd5 Be3 66. Be4
Bd2 67. Kd4 Bc1 68. Kd3 Be3 69. Bg2 Bg1 70. Bd5 Bf2 71. Kc4 Ke3 72. Bg2 Bh4 73.
Kd5 Kf4 74. Be4 Bf6 75. Bd3 Bc3 76. Ke6 Bg7 77. Bf1 Bd4 78. Bd3 Bb2 79. Bf5 Be5
80. Bc2 Bg7 81. Bf5 Ba1 82. Bb1 Kg4 83. Kd5 Nf7 84. Bg6 Ng5 85. Bd3 Kf4 86. Kd6
Bf6 87. Kd5 Bc3 88. Bg6 Bh8 89. Bc2 Bb2 90. Bb1 Bg7 91. Bc2 Bh8 92. Bb1 Be5 93.
Bd3 Bf6 94. Bc2 Ba1 95. Bg6 Bc3 96. Bd3 Ke3 97. Kc4 Bf6 98. Bc2 Ne6 99. Bf5 Nd4
100. Kd5 Ne2 101. Ke6 Bc3 102. Kf7 Kd2 103. Kg8 Ng3 104. h8=Q Bxh8 105. Kxh8 {
Game drawn because neither player has mating material} 1/2-1/2

[Event "ICS Rated blitz match"]
[Site "207.99.83.227"]
[Date "1999.03.21"]
[Round "?"]
[White "Hossa"]
[Black "Gromit211"]
[Result "1-0"]
[WhiteElo "2385"]
[BlackElo "2566"]
[PlyCount "133"]

1. e4 g6 2. Be2 Nc6 3. Nf3 Nf6 4. e5 Ng4 5. d4 d5 6. Bd2 Bf5 7. Qc1 h5 8. O-O
Bg7 9. h3 Nh6 10. b4 Be4 11. c3 Qd7 12. Ng5 Bf5 13. b5 Nd8 14. Na3 c6 15. Qb2
O-O 16. Qc1 Rc8 17. Re1 f6 18. Ne4 Bxe4 19. Bxh6 Bxh6 20. Qxh6 Nf7 21. Qe3 fxe5
22. dxe5 Nxe5 23. f4 Qd6 24. Nb1 Nd7 25. bxc6 Qxc6 26. a4 Nc5 27. Bf3 Qd6 28.
g3 Bxf3 29. Qxf3 h4 30. Qg4 hxg3 31. f5 Rxf5 32. Nd2 Rcf8 33. a5 Rf2 34. Rad1
R8f4 35. Qg5 Kf8 36. Re3 g2 37. Rg3 e5 38. Qh6+ Kf7 39. Qh7+ Ke8 40. Rxg6 Qf8
41. Rxg2 Rxg2+ 42. Kxg2 Rf2+ 43. Kg1 Qf4 44. Qg8+ Ke7 45. Qg7+ Ke6 46. Qg8+ Kd6
47. Nf1 Ne6 48. Qb8+ Nc7 49. c4 d4 50. Qxb7 Rc2 51. Rd2 Rxc4 52. Qxa7 Qf3 53.
Qb6+ Rc6 54. Qb4+ Kd7 55. Rg2 Ke6 56. Qe1 Rc5 57. Qb4 Rc1 58. Qb6+ Ke7 59. Qb4+
Kd8 60. Qd6+ Ke8 61. Rg8+ Kf7 62. Rf8+ Kg7 63. Rxf3 Ne6 64. Qxe6 Rxf1+ 65. Kxf1
e4 66. Rf7+ Kg8 67. Qe8# {Gromit211 checkmated} 1-0

[Event "ICS Rated blitz match"]
[Site "207.99.83.227"]
[Date "1999.03.21"]
[Round "?"]
[White "Hossa"]
[Black "JudgeTurpin"]
[Result "1/2-1/2"]
[WhiteElo "2398"]
[BlackElo "2529"]
[PlyCount "133"]

1. e4 e5 2. Nf3 Nc6 3. Bb5 a6 4. Ba4 Nf6 5. O-O b5 6. Bb3 Be7 7. Bd5 Bb7 8.
Bxc6 dxc6 9. Nxe5 Qd6 10. Nf3 Nxe4 11. Re1 Nc5 12. d4 Ne6 13. Bg5 Nxg5 14. Nxg5
c5 15. c3 O-O 16. Ne4 Bxe4 17. Rxe4 Bf6 18. Na3 Rad8 19. Nc2 cxd4 20. cxd4 c5
21. Qd3 Bxd4 22. Nxd4 h6 23. Rd1 f5 24. Re6 Qxd4 25. Qxd4 Rxd4 26. Rxd4 cxd4
27. Rxa6 Rc8 28. g3 Rc2 29. Rd6 Rxb2 30. Rxd4 Rxa2 31. Rd5 b4 32. Rb5 Rb2 33.
Rxf5 b3 34. Rf3 Rb1+ 35. Kg2 Kh7 36. Rd3 b2 37. Rb3 Kg6 38. h4 Kf5 39. h5 Ke5
40. Rb6 Kd4 41. Rb7 Kc3 42. Rc7+ Kb3 43. Rb7+ Ka3 44. Ra7+ Kb4 45. Rb7+ Kc5 46.
Kf3 Kd6 47. Kf4 Kc6 48. Rb3 Kd5 49. Kf5 Kc5 50. Kg6 Kc4 51. Rb7 Kc3 52. Kxg7
Rd1 53. Kxh6 b1=Q 54. Rxb1 Rxb1 55. g4 Kd4 56. g5 Ke5 57. g6 Kf6 58. Kh7 Rb7+
59. Kg8 Kg5 60. Kf8 Kh6 61. f4 Rb2 62. Kf7 Rf2 63. g7 Rxf4+ 64. Kg8 Kxh5 65.
Kh8 Rg4 66. g8=Q Rxg8+ 67. Kxg8 {
Game drawn because neither player has mating material} 1/2-1/2

[Event "ICS rated bullet match"]
[Site "207.99.83.227"]
[Date "1999.03.21"]
[Round "?"]
[White "Hossa"]
[Black "heatstroke"]
[Result "0-1"]
[WhiteElo "2397"]
[BlackElo "2740"]
[Annotator "Crafty v16.6"]
[PlyCount "118"]

{annotating for player Hossa using a scoring margin of +0.10 pawns. search
time limit is 12.00} 1. e4 1... e5 2. Nf3 Nc6 3. Bb5 a6 4. Ba4 ({9:-0.15} 4.
Ba4 4... Bc5 5. O-O Nge7 6. c3 O-O 7. d4 Bd6 8. Bg5 $10) ({9:+0.11} 4. Bxc6
4... dxc6 5. Nc3 Qd6 6. d4 exd4 7. Nxd4 c5 8. Nf5 Qxd1+ 9. Kxd1 Ne7 10. Re1 $10
) 4... Nf6 5. O-O Nxe4 6. Re1 Nc5 7. Bxc6 dxc6 8. Nxe5 Be7 9. Qe2 Ne6 10. Nc3
O-O 11. d3 ({8:-0.20} 11. d3 11... Nd4 12. Qd1 Re8 13. Bf4 Be6 14. Re4 14...
Qd6 $10) ({8:-0.08} 11. Qe4 11... Re8 12. Qf5 f6 13. Nc4 Nd4 14. Qe4 14... Bf5
$10) 11... Nd4 12. Qd1 Re8 13. Be3 ({8:-0.21} 13. Be3 13... Bf5 14. Qh5 g6 15.
Qd1 Bf8 16. Nf3 Nxf3+ 17. Qxf3 17... Qh4 $10) ({8:-0.09} 13. Bf4 13... Bh4 14.
Rc1 f6 15. Nc4 Rxe1+ 16. Qxe1 Bf5 17. Qe3 17... Bg4 $10) 13... Bf5 14. Bxd4 ({
8:-0.40} 14. Bxd4 14... Qxd4 15. Qf3 g6 16. g4 Bc5 17. gxf5 Rxe5 18. Rxe5 Qxe5
19. fxg6 19... hxg6 $15) ({8:-0.25} 14. Ne4 14... Qd5 15. Bf4 Bb4 16. c3 Ne6
17. Qd2 Nxf4 18. Qxf4 Rxe5 19. cxb4 $10) 14... Qxd4 15. Qf3 g6 16. Nc4 Bb4 17.
Rxe8+ Rxe8 18. Ne2 Qd5 19. Qxd5 cxd5 20. Ne3 Bc5 21. d4 Bb6 22. Re1 Be6 23. Nf4
c6 24. Nxe6 Rxe6 25. c3 f5 26. g3 Kf7 27. b4 f4 28. gxf4 Bc7 29. f5 gxf5 30.
Ng2 Rxe1+ 31. Nxe1 Bf4 32. Nf3 Bc1 33. c4 dxc4 34. Ne5+ Ke6 35. Nxc4 Kd5 36.
Ne3+ Kxd4 37. Nxf5+ Kc3 38. Nd6 b5 39. Nb7 Kxb4 40. Nd8 c5 41. Ne6 c4 42. Nc7
c3 43. Nd5+ Kc4 44. Nxc3 Kxc3 45. Kg2 Kb2 46. a3 Kxa3 47. f4 b4 48. f5 b3 49.
f6 b2 50. f7 Bh6 51. Kf3 Kb3 52. Kg3 b1=Q 53. f8=Q Bxf8 54. h3 Qd3+ 55. Kg2
Qe2+ 56. Kg3 Bd6+ 57. Kh4 Qd3 58. Kh5 Qg6+ 59. Kh4 Bg3# 0-1

[Event "ICS Rated blitz match"]
[Site "207.99.83.227"]
[Date "1999.03.21"]
[Round "?"]
[White "Hossa"]
[Black "razzle"]
[Result "0-1"]
[WhiteElo "2391"]
[BlackElo "2602"]
[Annotator "Crafty v16.6"]
[PlyCount "85"]

{annotating for player Hossa using a scoring margin of +0.10 pawns. search
time limit is 12.00} 1. e4 1... c5 2. Bc4 Nc6 3. f4 ({8:-0.20} 3. f4 3... Na5
4. Be2 e6 5. Nf3 Bd6 6. e5 6... Be7 $10) ({8:+0.03} 3. Nf3 3... e5 4. Nc3 d6 5.
Nb5 Bg4 6. h3 6... Na5 $10) 3... e5 4. d3 exf4 5. Bxf4 Qf6 6. Qc1 Na5 7. Bb5 ({
8:-0.04} 7. Bb5 7... a6 8. Ba4 b5 9. Bc7 bxa4 10. Bxa5 10... Qd4 $10) ({8:+0.17
} 7. Bd5 7... Ne7 8. Nc3 Qh4+ 9. g3 Qh5 10. Bc7 Nxd5 11. Nxd5 11... Nc6 $10)
7... a6 8. Ba4 b5 9. Bc7 ({8:-0.63} 9. Bc7 9... Nc6 10. Bb3 c4 11. dxc4 Qh4+
12. Kf1 bxc4 13. Bxc4 13... Qxe4 $15) ({8:-0.35} 9. Nc3 9... Qg6 10. Nd5 Qxg2
11. Nc7+ Kd8 12. Nxa8 Qxh1 13. Bc7+ 13... Ke8 $15) 9... Nb7 10. Bb3 Qc6 11. Bf4
({8:-2.69} 11. Bf4 11... c4 12. Nc3 cxb3 13. Nd5 Nd6 14. axb3 14... Ne7 $19) ({
8:-2.21} 11. Bxf7+ 11... Kxf7 12. Bf4 Qg6 13. Qd2 Qf6 14. Nc3 Qh4+ 15. Kd1
15... Nf6 $19) 11... c4 12. Nf3 cxb3 13. axb3 Bc5 14. Be5 ({7:-2.75} 14. Be5
14... f6 15. Bd4 Ne7 16. Nc3 O-O 17. Qf4 $19) ({7:-2.60} 14. Na3 14... Bxa3 15.
bxa3 Ne7 16. Qb2 O-O 17. Qe5 17... Qc5 $19) 14... f6 15. Bd4 Ne7 16. O-O O-O
17. c3 Nd8 18. b4 Bd6 19. e5 fxe5 20. Nxe5 Rxf1+ 21. Qxf1 Qd5 22. Qf3 Ndc6 23.
Nxc6 dxc6 24. Nd2 Bf5 25. Ne4 Bc7 26. Bc5 Ng6 27. Rf1 Be6 28. d4 Re8 29. Kh1
Bf7 30. Ng5 Bf4 31. Qxd5 Bxd5 32. Nf3 Re2 33. g3 Be3 34. h4 Bf2 35. Kg2 Bxd4+
36. Kh1 Bxc5 37. bxc5 Ne5 38. b4 Nxf3 39. Rxf3 Bxf3+ 40. Kg1 Rg2+ 41. Kf1 Rxg3
42. Ke1 Be4 43. c4 0-1